| 000 | 00800nam a2200265 4500 | ||
|---|---|---|---|
| 001 | 1973 | ||
| 010 | _a9789897028915 | ||
| 021 |
_aPT _b506620/22 |
||
| 090 | _a1973 | ||
| 100 | _a20251118d2022 m||y0pory50030103ba | ||
| 101 | _apor | ||
| 102 | _aPT | ||
| 200 |
_aArrogância fatal _eos erros do socialismo _fFriedrich A. Hayek _gtrad. João Carlos Barradas |
||
| 205 | _a1ª edição | ||
| 210 |
_aLisboa _cGuerra & Paz _d2022 |
||
| 215 |
_a246 p. _d23 cm |
||
| 225 | _aOs livros não se rendem | ||
| 300 | _aBMB-Registado | ||
| 304 | _aTít. orig.: The fatal conceit : the errors of socialism | ||
| 607 |
_91903 _aTeoria e filosofia do poder |
||
| 675 |
_a321.01 _vBMB _zpor |
||
| 700 |
_aHayek _bF. A. _f1899-1992 _92835 |
||
| 702 |
_aBarradas _bJoão Carlos _4730 _92836 |
||
| 801 |
_aPT _bBMB _gRPC |
||
| 990 | _cLIVROS | ||